01034nam a22002297a 4500001000700000003000900007005001700016008004100033040004400074041000800118082001100126110010300137245018700240260011300427300002500540650004000565650001900605653003700624942001200661999001900673952011200692113938DR-UNIBE20250813114152.0250724b1953 fr ||||| |||| 00| 0 mul d aBIBLIOTECA UNIBEbspacBIBLIOTECA UNIBE aspa aF 57072 aOrganización de las Naciones Unidas para la Educación, la Ciencia y la Cultura (UNESCO)94515410aWhat makes a good teacher? : children speak their minds = Qu´ est-ce qu´ un bon maiter? : les enfants ouvrent leur caeur = ¿Cómo debe ser un buen maestro? : los niños opinan aParis : bOrganización de las Naciones Unidas para la Educación, la Ciencia y la Cultura (UNESCO),c1953 aPaginación varias  72lemba Escuelas elementales9198373 72lembaMaestros00aMaestros de escuelas elementales 2ddccMX c113938d113938 00102ddc40708FOLaPrincipald2025-08-13l0oF 5707pF250128r2025-08-13 11:42:46tEj. 1w2025-08-13yMX